| 000 | 01182cad a22002295a 4500 | ||
|---|---|---|---|
| 001 | E147416 | ||
| 008 | 090511s2009 xxub f s 000 0 eng d | ||
| 035 | _a(Sirsi) u147416 | ||
| 041 | 0 | _aeng | |
| 050 | 0 | 4 | _a333.33 $2 18 |
| 110 | 2 |
_aPramerica Real Estate Investors _95594 |
|
| 245 | 0 | 0 |
_aAsian quarterly market perspective _bApril 2009 _h[electronic resource] |
| 260 |
_aParsipanny, NJ _bPramerica Real Estate Investors _c2009 |
||
| 490 | 0 |
_aPREI Asian Quarterly Market Perspective _vApril 2009 |
|
| 520 | _aReports that although the Asian economy continued to struggle in the first quarter, China's economy is picking up due to the government's stimulus package, and the volume of bank lending rose in both China and Japan in the first quarter. Despite this, activity in property markets in Asia continues to be slow, and demand for office space is also low, with rents expected to fall and vacancies to increase as a result. | ||
| 521 | _aAdvanced | ||
| 590 | _aKA | ||
| 651 | 4 | _aAsia | |
| 690 | _aPROPERTY-COMMERCIAL PROPERTY-COMMERCIAL PROPERTY MARKET | ||
| 856 | 4 | 0 |
_uhttps://www.pramericarei.com/ _zView the item free of charge at www.pramericarei.com... |
| 942 | _n0 | ||
| 999 |
_c109546 _d109546 |
||